1420 1832 1516 1459 1591 1098 1154 1259 1051 1453 1355 1288 1486 1743 1361 1901 1083 1883 1653 1879 1299 1379 1909 1053 1968 1394 1823 1978 1293 1166 1893 1435 1799 1576 1661 1697 1432 1414 1714 1300 1974 1003 1377 1105 1703 1324 1339 1572 1077 1591 1603 1698 1362 1374 1580 1758 1368 1350 1743 1415 1728 1040 1499 1205 1760 1314 1083 1397 1124 1523 1445 1257 1041 1558 1063 1229 1712 1859 1883 1788 1861 1004 1114 1390 1172 1943 1193 1430 1808 1018 1961 1664 1518 1884 1587 1043 1774 1392 1450 BCNSPRNW ULIB Ver.6.0+V

เปลี่ยนเป็นภาษาไทย

Change to English
 แสดงรายละเอียดบรรณานุกรม
  กลับหน้าหลัก

Brief Record : Get Marc (ISO 2709) : E-mail record : QR code < ปิดหน้าต่าง
LEADER : 00000nam 2200000uu 4500
001    13399121179
003     ULIB
008    121108s2549||||th 000 0 tha d
020    ^a9749980131
020    ^a9789749980132
050  4 ^aLB3051^bย538ก 2549
100 0  ^aเยาวดี วิบูลย์ศรี
245 10 ^aการวัดผลและการสร้างแบบสอบผลสัมฤทธิ์ =^bMeasurement and achievement test construction /^cเยาวดี วิบูลย์ศรี
246 31 ^aMeasurement and achievement test construction
250    ^aพิมพ์ครั้งที่ 5
260    ^aกรุงเทพฯ :^bสำนักพิมพ์จุฬาลงกรณ์มหาวิทยาลัย,^c2549
300    ^a276 หน้า ;^c21 ซม.
650  4 ^aการวัดผลทางการศึกษา
650  4 ^aการศึกษา^xแบบทดสอบ
650  4 ^aข้อสอบ
945    ^p200^l0^i24842
995    ^aวิภา
999 ^a ทศพร
รายการนี้ยังไม่มีแท็ก
คุณยังไม่ได้ล็อกอิน คุณสามารถมีกิจกรรมร่วมกับเว็บไซต์ได้ แต่ต้องล็อกอินก่อน ::
  ล็อกอิน

รายการสื่อสารสนเทศ

ลำดับที่ ประเภท เลขเรียก/บาร์โค้ด สถานที่ สถานะ
1. วิทยาศาสตร์การแพทย์ และสุขภาพ
วิทยาศาสตร์การแพทย์ และสุขภาพ
LB3051 ย538ก 2549  
  Barcode: 24842
ห้องสมุดวิทยาเขตสวรรค์ประชารักษ์
►หนังสือทั่วไป
บนชั้น

รายการใกล้เคียง
    ผู้แต่ง [เยาวดี วิบูลย์ศรี]

    หัวเรื่อง [การวัดผลทางการศึกษา]
    หัวเรื่อง [ข้อสอบ]

BibComment


ยังไม่เคยถูกคอมเมนท์

คอมเมนท์ทรัพยากรรายการนี้
  คอมเมนท์: การวัดผลและการสร..


 Copyright 2026. Bcnsprnw @Library